000 00623nam a2200217 a 4500
005 20240924070701.0
008 050623s2001 mx r 000 0 spa d
020 _a8484321819
035 _aUPN01000139590
049 _aCG
050 4 _aD13
_bF6.3
100 1 _aFontana, Josep
245 1 3 _aLa historia de los hombres /
_cJosep Fontana ; tr. Ferrán Pontón.
260 _aBarcelona, Esp. :
_bCrítica,
_c2001.
300 _a382 p.
440 0 _aLibros de historia
534 _pTraducción de:
_tLa história dels homes
650 4 _aHistoriografía
_9920
650 4 _aHistoria universal
_95508
905 _aLibro
999 _c111738
_d111738